000 00784cam a2200241 4500
001 ABS63890
008 000000n2001 000 0 eng u
035 _a(Sirsi) u112129
245 _aLicensed and Leisure Property
260 _c2001
490 _aEstates Gazette
_vSpring 2001 (40) LOAN
520 _aGuide to the market in properties relating to licensed and leisure activities. Includes reviews of the latest developments in licensing, five star hotels, holiday camps and pub and restaurant deals.
590 _aABS
650 _aLEISURE SECTOR
650 _aLICENSING
650 _aFIVE-STAR HOTELS
650 _aHOLIDAY CAMP
650 _aRESTAURANT MARKET
650 _aCASINOS
650 _aPUB DEVELOPMENT
690 _aLEISURE AND RECREATION
942 _n0
999 _c66777
_d66777